Statistiques concernant XI de la finale de la coupe du monde 2022

Cliquez ici pour prendre le quiz!

Statistiques générales

  • Ce quiz a été pris 240 fois
  • Le résultat moyen est 24 sur 35

Statistiques - réponses

Réponse% Correct
H. Lloris
100%
K. Mbappé
99%
O. Giroud
98%
T. Hernández
97%
A. Griezmann
96%
O. Dembélé
96%
L. Messi
95%
R. Kolo Muani
93%
R. Varane
92%
D. Upamécano
91%
D. Martínez
89%
L. Martínez
89%
A. Tchouaméni
88%
A. Rabiot
86%
Á. Di María
83%
J. Koundé
82%
K. Coman
79%
I. Konaté
78%
J. Álvarez
67%
M. Thuram
67%
N. Otamendi
62%
E. Fernández
59%
R. De Paul
58%
E. Camavinga
57%
N. Tagliafico
52%
Y. Fofana
50%
A. Mac Allister
47%
C. Romero
45%
Paulo Dybala
44%
L. Paredes
40%
N. Molina
39%
A. Disasi
38%
G. Montiel
38%
M. Acuña
37%
G. Pezzella
7%

Distribution des résultats

Percentile par nombre de réponses

% des personnes avec chaque résultat

Votre développement - résultats

Vous n’avez pas pris ce quiz